<?xml version="1.0" encoding="UTF-8"?>
<record
    xmlns:xsi="http://www.w3.org/2001/XMLSchema-instance"
    xsi:schemaLocation="http://www.loc.gov/MARC21/slim http://www.loc.gov/standards/marcxml/schema/MARC21slim.xsd"
    xmlns="http://www.loc.gov/MARC21/slim">

  <leader>00727nam a2200229 a 4500</leader>
  <controlfield tag="008">                                        </controlfield>
  <datafield tag="049" ind1=" " ind2=" ">
    <subfield code="a">MAIN</subfield>
  </datafield>
  <datafield tag="090" ind1=" " ind2=" ">
    <subfield code="a">HF5686.F46</subfield>
    <subfield code="b">CHA</subfield>
  </datafield>
  <datafield tag="245" ind1="1" ind2="0">
    <subfield code="a">CIMA question papers and suggested answers :</subfield>
    <subfield code="a">May 1998 examination :</subfield>
    <subfield code="b">stage 1 /</subfield>
    <subfield code="c">Chartered Institute of Management Accountants.</subfield>
  </datafield>
  <datafield tag="260" ind1=" " ind2=" ">
    <subfield code="a">Oxford :</subfield>
    <subfield code="b">CIMA,</subfield>
    <subfield code="c">1998.</subfield>
  </datafield>
  <datafield tag="300" ind1=" " ind2=" ">
    <subfield code="a">87 p. :</subfield>
    <subfield code="b">ill. ;</subfield>
    <subfield code="c">30 cm.</subfield>
  </datafield>
  <datafield tag="440" ind1="1" ind2=" ">
    <subfield code="a">CIMA series stage 1</subfield>
  </datafield>
  <datafield tag="650" ind1=" " ind2="0">
    <subfield code="a">Financial reporting.</subfield>
  </datafield>
  <datafield tag="650" ind1=" " ind2=" ">
    <subfield code="a">Management accounting.</subfield>
  </datafield>
  <datafield tag="650" ind1=" " ind2=" ">
    <subfield code="a">Organisational management</subfield>
  </datafield>
  <datafield tag="650" ind1=" " ind2=" ">
    <subfield code="a">Business taxation.</subfield>
  </datafield>
  <datafield tag="907" ind1=" " ind2=" ">
    <subfield code="a">.b10354785</subfield>
    <subfield code="b">04-03-22</subfield>
    <subfield code="c">02-03-15</subfield>
  </datafield>
  <controlfield tag="003"></controlfield>
  <controlfield tag="005">20230123122135.0</controlfield>
  <datafield tag="040" ind1=" " ind2=" ">
    <subfield code="c">NUST</subfield>
  </datafield>
  <datafield tag="942" ind1=" " ind2=" ">
    <subfield code="c">BOOKS</subfield>
    <subfield code="k">HF5686.F46</subfield>
    <subfield code="m">CHA</subfield>
  </datafield>
  <datafield tag="999" ind1=" " ind2=" ">
    <subfield code="c">128498</subfield>
    <subfield code="d">128498</subfield>
  </datafield>
  <datafield tag="952" ind1=" " ind2=" ">
    <subfield code="r">2023-01-23 00:00:00</subfield>
    <subfield code="l">0</subfield>
    <subfield code="o">HF5686.F46 CIM</subfield>
    <subfield code="p">92003035320</subfield>
    <subfield code="v">80.00</subfield>
    <subfield code="w">2023-01-23</subfield>
    <subfield code="y">BOOKS</subfield>
    <subfield code="1">0</subfield>
    <subfield code="2">LCC</subfield>
    <subfield code="4">0</subfield>
    <subfield code="7">0</subfield>
    <subfield code="8">NFIC</subfield>
    <subfield code="0">0</subfield>
    <subfield code="a">MAIN</subfield>
    <subfield code="b">MAIN</subfield>
    <subfield code="c">GEN</subfield>
    <subfield code="d">2023-01-23</subfield>
    <subfield code="g">80.00</subfield>
  </datafield>
</record>
